Statistics for Столици на най-голяма надморска височина

Click here to take the quiz!

General Stats

  • This quiz has been taken 21 times
  • The average score is 8 of 29

Answer Stats

Country% Correct
Катманду
75%
Мексико
69%
Кито
56%
Сукре
56%
Богота
50%
Кабул
44%
Техеран
44%
Андора ла Веля
44%
Додома
38%
Улан Батор
31%
Кигали
31%
Тхимпху
31%
Найроби
31%
Кампала
25%
Адис Абеба
19%
Претория
19%
Гватемала
19%
Хараре
19%
Гитега
13%
Антананариву
13%
Масеру
13%
Лусака
13%
Виндхук
13%
Сан Хосе
13%
Асмара
13%
Бразилия
13%
Лилонгве
13%
Сана
13%
Мбабане
6%

Score Distribution

Percentile by Number Answered

Percent of People with Each Score

Your Score History

You have not taken this quiz